|
|
|
|
| LEADER |
01000naa a22002652c 4500 |
| 001 |
1752543971 |
| 003 |
DE-627 |
| 005 |
20210325171133.0 |
| 007 |
tu |
| 008 |
210325s2013 xx ||||| o 00| ||ger c |
| 035 |
|
|
|a (DE-627)1752543971
|
| 035 |
|
|
|a (DE-599)KXP1752543971
|
| 040 |
|
|
|a DE-627
|b ger
|c DE-627
|e rakwb
|
| 041 |
|
|
|a ger
|
| 245 |
0 |
0 |
|a [Rezension]
|c C
|
| 264 |
|
1 |
|c 2013
|
| 336 |
|
|
|a Text
|b txt
|2 rdacontent
|
| 337 |
|
|
|a ohne Hilfsmittel zu benutzen
|b n
|2 rdamedia
|
| 338 |
|
|
|a Band
|b nc
|2 rdacarrier
|
| 655 |
|
7 |
|a Rezension
|0 (DE-588)4049712-4
|0 (DE-627)106186019
|0 (DE-576)209083166
|2 gnd-content
|
| 700 |
1 |
|
|a Cerwinka, Günter
|e mitwirkender
|4 ctb
|
| 773 |
0 |
8 |
|i Enthalten in
|t Blätter für Heimatkunde
|d Graz : Historischer Verein für Steiermark, 1923
|g 87 (2013), H. 1/2, 64-66
|w (DE-627)130102393
|w (DE-600)502237-X
|w (DE-576)015634957
|x 0006-4459
|7 nnas
|
| 773 |
1 |
8 |
|g volume:87
|g year:2013
|g number:1/2
|g pages:64-66
|
| 787 |
0 |
8 |
|i Rezension von
|t Vom Kloster zum Einkaufszentrum
|d Leoben : Selbstverl. d. Stadt Leoben, 2011
|h 590 S.
|w (DE-627)1606008471
|w (DE-576)395935989
|z 9783950084047
|
| 912 |
|
|
|a GBV_USEFLAG_U
|
| 912 |
|
|
|a GBV_ILN_2046
|
| 912 |
|
|
|a ISIL_DE-N1
|
| 912 |
|
|
|a SYSFLAG_1
|
| 912 |
|
|
|a GBV_KXP
|
| 912 |
|
|
|a GBV_ILN_11
|
| 912 |
|
|
|a GBV_ILN_22
|
| 912 |
|
|
|a GBV_ILN_24
|
| 912 |
|
|
|a GBV_ILN_40
|
| 912 |
|
|
|a GBV_ILN_50
|
| 912 |
|
|
|a GBV_ILN_135
|
| 912 |
|
|
|a GBV_ILN_176
|
| 912 |
|
|
|a GBV_ILN_193
|
| 912 |
|
|
|a GBV_ILN_267
|
| 912 |
|
|
|a GBV_ILN_350
|
| 912 |
|
|
|a GBV_ILN_2004
|
| 912 |
|
|
|a GBV_ILN_2006
|
| 912 |
|
|
|a GBV_ILN_2280
|
| 912 |
|
|
|a GBV_ILN_2315
|
| 912 |
|
|
|a GBV_ILN_2581
|
| 912 |
|
|
|a GBV_ILN_4012
|
| 912 |
|
|
|a GBV_ILN_4193
|
| 912 |
|
|
|a GBV_ILN_4246
|
| 912 |
|
|
|a GBV_ILN_4323
|
| 951 |
|
|
|a AR
|
| 952 |
|
|
|d 87
|j 2013
|e 1/2
|h 64-66
|y 87 (2013), H. 1/2, 64-66
|
| 980 |
|
|
|2 2046
|1 01
|x DE-N1
|b 3894557389
|c 00
|f --%%--
|d --%%--
|e p
|j --%%--
|y l01
|z 25-03-21
|